[Event "Katernberg 2- Krefeld"]
[Site "?"]
[Date "2023.03.05"]
[Round "6.6"]
[White "Dette, Jan"]
[Black "Fehmer, Carsten"]
[Result "1/2-1/2"]
[WhiteElo "2032"]
[BlackElo "2132"]
[PlyCount "37"]
[SourceVersionDate "2023.06.22"]

1. e4 e6 2. d4 d5 3. Nd2 Nc6 4. Ngf3 Nf6 5. e5 Nd7 6. Nb3 a5 7. a4 Be7 8. Bb5
Na7 9. Bd3 b6 10. O-O c5 11. c4 Bb7 12. Re1 Rc8 13. Bf4 cxd4 14. cxd5 Bxd5 15.
Nfxd4 Nc5 16. Nxc5 Bxc5 17. Nb5 Nxb5 18. Bxb5+ Bc6 19. Qxd8+ 1/2-1/2

[Event "Katernberg 2- Krefeld"]
[Site "?"]
[Date "2023.03.05"]
[Round "6.7"]
[White "Dorner, Matthias"]
[Black "Gorainow, Nikita"]
[Result "1-0"]
[WhiteElo "2186"]
[BlackElo "2005"]
[PlyCount "59"]
[SourceVersionDate "2023.06.22"]

1. d4 Nf6 2. c3 d5 3. Bf4 e6 4. e3 Be7 5. Nd2 c5 6. Ngf3 Nbd7 7. h3 b6 8. Bb5
Bb7 9. Ne5 O-O 10. Nc6 Qe8 11. O-O a6 12. Nxe7+ Qxe7 13. Be2 a5 14. Re1 Ba6 15.
Bf3 e5 16. dxe5 Nxe5 17. Bxe5 Qxe5 18. e4 d4 19. cxd4 cxd4 20. Rc1 Rac8 21. Qb3
b5 22. Qd3 Nd7 23. Nb3 a4 24. Nxd4 Nc5 25. Qe3 Rfd8 26. Red1 b4 27. Nc6 Rxd1+
28. Rxd1 Qe8 29. Qxc5 Rxc6 30. Qxc6 1-0

[Event "Katernberg 2- Krefeld"]
[Site "?"]
[Date "2023.03.05"]
[Round "6.8"]
[White "Korchynskyi, Mykola"]
[Black "Guddat, Joachim"]
[Result "1-0"]
[WhiteElo "1961"]
[BlackElo "2131"]
[PlyCount "73"]
[SourceVersionDate "2023.06.22"]

1. d4 d5 2. c4 e6 3. Nc3 Nf6 4. Bg5 Nbd7 5. e3 Be7 6. Nf3 O-O 7. cxd5 exd5 8.
Bd3 c6 9. O-O Re8 10. Qc2 Nf8 11. h3 Nh5 12. Bxe7 Qxe7 13. Rfe1 g6 14. Rab1 Ng7
15. b4 Bf5 16. b5 Qd6 17. bxc6 bxc6 18. Na4 Nfe6 19. Bxf5 Nxf5 20. Rec1 Rec8
21. Qc3 f6 22. Qa5 Qc7 23. Qa6 Nd6 24. Nd2 f5 25. Nc5 Nd8 26. Nd3 Rab8 27. Nb4
Rb6 28. Qa4 Qb7 29. Nd3 Qa6 30. Qc2 Rcb8 31. Rxb6 axb6 32. Ne5 Rc8 33. Qb3 b5
34. Qb4 Nc4 35. Ndxc4 bxc4 36. Qe7 Qb7 37. Nd7 1-0

[Event "Letmathe- Porz 3"]
[Site "?"]
[Date "2023.03.05"]
[Round "6.1"]
[White "Gallinnis, Norbert"]
[Black "Haub, Thorsten"]
[Result "0-1"]
[WhiteElo "2146"]
[BlackElo "2417"]
[PlyCount "58"]
[SourceVersionDate "2023.06.22"]

1. b3 e5 2. Bb2 d6 3. d4 Nd7 4. Nf3 Qe7 5. Nc3 c6 6. d5 Ngf6 7. dxc6 bxc6 8. e4
Nc5 9. Qe2 Qc7 10. h3 Be7 11. g4 a5 12. a4 h5 13. g5 Nfd7 14. g6 fxg6 15. Rg1
Nf8 16. Qe3 Be6 17. Ng5 Bxg5 18. Qxg5 Bf7 19. O-O-O Nfe6 20. Qd2 Nd4 21. Qe3
Qb6 22. Nd5 cxd5 23. Rxd4 exd4 24. Bxd4 O-O 25. e5 Rac8 26. Kb1 Qc7 27. Bb5 Ne6
28. Bb2 Qxc2+ 29. Ka2 d4 0-1

[Event "Letmathe- Porz 3"]
[Site "?"]
[Date "2023.03.05"]
[Round "6.2"]
[White "Bosch, Jeroen"]
[Black "Finke, Kai"]
[Result "1-0"]
[WhiteElo "2416"]
[BlackElo "2132"]
[PlyCount "69"]
[SourceVersionDate "2023.06.22"]

1. e4 c5 2. Nf3 d6 3. d4 cxd4 4. Nxd4 Nf6 5. Nc3 g6 6. Be3 Bg7 7. f3 Nc6 8. Qd2
Bd7 9. O-O-O Rc8 10. g4 Ne5 11. Kb1 a6 12. Be2 b5 13. h4 h5 14. g5 Nh7 15. f4
Nc4 16. Bxc4 Rxc4 17. f5 O-O 18. Rhf1 Re8 19. b3 Rc8 20. Nde2 Bc6 21. Bd4 Be5
22. Nf4 Nf8 23. Qf2 Bxd4 24. Rxd4 Kh8 25. Rd2 Qc7 26. Qd4+ Kg8 27. Ncd5 Bxd5
28. Nxd5 Qc5 29. Qd3 Nd7 30. fxg6 fxg6 31. Qh3 Nf8 32. Qf3 Kh8 33. Qf7 Nh7 34.
Nxe7 Rf8 35. Nxg6# 1-0

[Event "Letmathe- Porz 3"]
[Site "?"]
[Date "2023.03.05"]
[Round "6.3"]
[White "Wagenknecht, Uwe"]
[Black "Soukup, Jiri"]
[Result "0-1"]
[WhiteElo "2130"]
[BlackElo "2345"]
[PlyCount "56"]
[SourceVersionDate "2023.06.22"]

1. Nf3 Nf6 2. c4 e6 3. g3 d5 4. d4 dxc4 5. Qa4+ Bd7 6. Qxc4 Bc6 7. Bg2 Nbd7 8.
O-O Be7 9. Nc3 O-O 10. Re1 Ne4 11. Qd3 Ndf6 12. Ne5 Nxc3 13. Nxc6 Nxe2+ 14.
Rxe2 bxc6 15. Bxc6 Rb8 16. Qc4 Rb4 17. Qc2 Nd5 18. a3 Rxd4 19. b4 Nb6 20. Rd2
Nc4 21. Ra2 Nxd2 22. Bxd2 Bg5 23. Bc3 Rd1+ 24. Kg2 Rc1 25. Qb2 Qd1 26. Kh3 Qf1+
27. Bg2 Qd3 28. Bxg7 Qg6 0-1

[Event "Letmathe- Porz 3"]
[Site "?"]
[Date "2023.03.05"]
[Round "6.4"]
[White "Schleining, Zoya"]
[Black "Evers, Leo"]
[Result "1-0"]
[WhiteElo "2325"]
[BlackElo "2077"]
[PlyCount "87"]
[SourceVersionDate "2023.06.22"]

1. e4 c5 2. Nf3 Nc6 3. Bb5 Nf6 4. Nc3 g6 5. d3 Bg7 6. O-O O-O 7. Bxc6 dxc6 8.
h3 e5 9. Nxe5 Nxe4 10. Nxe4 Bxe5 11. Nxc5 b6 12. Ne4 f5 13. Nd2 Bc7 14. f4 Bb7
15. Qf3 Rb8 16. Nc4 c5 17. Qf2 Re8 18. Bd2 b5 19. Ne5 Qd5 20. c4 Bxe5 21. cxd5
Bd4 22. Qxd4 cxd4 23. d6 Re2 24. Rf2 Rxf2 25. Kxf2 Kf7 26. Ba5 Bc6 27. Rc1 Bd7
28. Rc7 Ke6 29. Rxa7 b4 30. Bc7 Rb5 31. Ke2 b3 32. Kd2 bxa2 33. Rxa2 Rb3 34.
Kc2 Rb4 35. b3 Rb5 36. Ra4 Bc6 37. Rxd4 Kd7 38. g3 Bd5 39. b4 Bc6 40. Kc3 Bd5
41. Rxd5 Rxd5 42. Kc4 Kc6 43. d4 h6 44. b5+ 1-0

[Event "Letmathe- Porz 3"]
[Site "?"]
[Date "2023.03.05"]
[Round "6.5"]
[White "Thiemonds, Uli"]
[Black "Gruermann, Martin"]
[Result "0-1"]
[WhiteElo "2072"]
[BlackElo "2221"]
[Annotator "daniel"]
[PlyCount "172"]
[SourceVersionDate "2023.06.22"]

1. e4 c5 2. c3 Nf6 3. e5 Nd5 4. d4 cxd4 5. Nf3 Nc6 6. cxd4 d6 7. exd6 Qxd6 8.
Nc3 Bg4 9. Be2 e6 10. O-O Be7 11. h3 Bh5 12. Ne4 Qd8 13. Bg5 O-O 14. Bxe7 Qxe7
15. Ng3 Bxf3 16. Bxf3 Rfd8 17. Ne2 Qb4 18. Qd3 Nde7 19. Rfd1 Rd7 20. Qc3 Rad8
21. Rd2 e5 22. Rad1 Qxc3 23. bxc3 exd4 24. cxd4 Ne5 25. Be4 Kf8 26. Rb2 b6 27.
Rc1 $11 N5g6 28. Rbc2 Nd5 29. g3 Nge7 30. a3 Nf6 31. Bd3 Ne8 32. Kg2 Nd6 33.
Rc7 Nd5 34. Rxd7 Rxd7 35. Kf3 Rc7 36. Rxc7 Nxc7 37. Nc3 Ke7 38. d5 Nb7 39. Ke3
h6 40. Kd4 Nc5 41. Bc2 Kd6 42. f4 b5 43. Be4 a5 44. Bf3 b4 45. axb4 axb4 46.
Nd1 Nb3+ 47. Kd3 Na6 48. Bg2 Na5 49. Ne3 g6 50. Ng4 Nc5+ 51. Kc2 Nc4 52. Bf1
b3+ 53. Kc1 b2+ 54. Kc2 b1=Q+ 55. Kxb1 Nd2+ 56. Kc1 Nxf1 57. Nxh6 Ke7 58. d6+
Kf6 59. g4 Ng3 60. Kd1 Nge4 61. Ke2 Nxd6 62. h4 Ne6 63. f5 Nxf5 64. gxf5 Nd4+
65. Kf2 Nxf5 66. Ng4+ Kg7 67. h5 g5 68. Kf3 Nh6 69. Ne3 f5 70. Nd5 Nf7 71. Ne7
Nd6 72. Nd5 Kh6 73. Nf6 Ne4 74. Ne8 Kxh5 75. Ng7+ Kg6 76. Ne6 Kf6 77. Nd8 g4+
78. Kf4 Ng5 79. Nc6 Ne6+ 80. Kg3 Kg5 81. Ne7 f4+ 82. Kf2 Nd4 83. Kg2 Nf5 84.
Nc6 f3+ 85. Kg1 Kf4 86. Nb4 Ke3 0-1

[Event "Letmathe- Porz 3"]
[Site "?"]
[Date "2023.03.05"]
[Round "6.6"]
[White "Pfleger, Sascha"]
[Black "Paulus, Jeffrey"]
[Result "0-1"]
[WhiteElo "2027"]
[BlackElo "1966"]
[PlyCount "72"]
[SourceVersionDate "2023.06.22"]

1. Nf3 e6 2. b3 Nf6 3. Bb2 b6 4. d4 Bb7 5. Nbd2 d5 6. e3 Be7 7. Bd3 Nbd7 8. O-O
O-O 9. c4 c6 10. Ne5 Nxe5 11. dxe5 Nd7 12. cxd5 exd5 13. Qc2 h6 14. f4 Nc5 15.
Bh7+ Kh8 16. Bf5 Bc8 17. Rad1 Qe8 18. Bxc8 Rxc8 19. e4 dxe4 20. Nxe4 Nxe4 21.
Qxe4 Bc5+ 22. Kh1 Qe7 23. Rd3 Rfd8 24. Rfd1 Rxd3 25. Qxd3 a5 26. f5 Re8 27. g3
Ba3 28. Bc3 Bb4 29. Bb2 Qc5 30. Qd4 Qc2 31. e6 f6 32. Rf1 Bc5 33. Qc3 Qe2 34.
Re1 Qf2 35. a3 Qxf5 36. b4 Qd5+ 0-1

[Event "Letmathe- Porz 3"]
[Site "?"]
[Date "2023.03.05"]
[Round "6.7"]
[White "Wegener, Marcus"]
[Black "Hunold, Rolf"]
[Result "1/2-1/2"]
[WhiteElo "1999"]
[BlackElo "2011"]
[Annotator "daniel"]
[PlyCount "93"]
[SourceVersionDate "2023.06.22"]

1. e4 c5 2. Nf3 e6 3. b3 a6 4. Bb2 d6 5. d4 cxd4 6. Nxd4 Nf6 7. Bd3 Qc7 8. O-O
Be7 9. c4 Nbd7 10. Nc3 O-O 11. Rc1 Re8 12. Kh1 Bf8 13. Bb1 Ne5 14. Nce2 Ng6 15.
Ng3 Nf4 16. Qd2 e5 17. Ndf5 g6 18. Ne3 Qd8 19. Ne2 Nxe2 20. Qxe2 Nh5 21. g3 Bh3
22. Rfd1 Qg5 23. f3 Bh6 24. Nd5 Qd8 25. Rc2 Be6 26. Ba3 Nf6 27. Ne3 Qb6 28. Bc1
Bf8 29. Rcd2 Red8 30. Rd3 Nd7 31. Nd5 Bxd5 32. Rxd5 Qc7 33. Bg5 f6 34. Be3 b6
35. Qd2 Be7 $11 36. Bd3 a5 37. Bf1 Nc5 38. Bh3 Kf7 39. Bxc5 bxc5 40. f4 a4 41.
fxe5 fxe5 42. Rd3 Kg7 43. Rf3 axb3 44. axb3 Rf8 45. Rdf1 Rxf3 46. Rxf3 Rf8 47.
Rxf8 1/2-1/2

[Event "Werden- Bonn"]
[Site "?"]
[Date "2023.03.05"]
[Round "6.1"]
[White "Dehmel, Jens"]
[Black "Kaufeld, Juergen"]
[Result "0-1"]
[WhiteElo "2035"]
[BlackElo "2289"]
[PlyCount "122"]
[SourceVersionDate "2023.06.22"]

1. d4 Nf6 2. c4 g6 3. Nc3 d5 4. Nf3 Bg7 5. Qb3 dxc4 6. Qxc4 O-O 7. e4 Nc6 8.
Be2 e5 9. d5 Nd4 10. Nxd4 exd4 11. Qxd4 c6 12. Qd3 cxd5 13. exd5 Bf5 14. Qb5
Ne4 15. O-O Nxc3 16. bxc3 Bxc3 17. Bb2 a6 18. Qb3 Bxb2 19. Qxb2 Qxd5 20. Bf3
Be4 21. Rad1 Qf5 22. Bxe4 Qxe4 23. Rfe1 Qa4 24. Qxb7 Qxa2 25. h4 h5 26. g3 a5
27. Re7 Rad8 28. Rxd8 Rxd8 29. Qf3 a4 30. Ra7 Qc4 31. Kg2 Kg7 32. Kg1 Rd6 33.
Qa8 Rd1+ 34. Kh2 Rf1 35. Qf3 Rb1 36. Qe3 Qd5 37. f3 Rb2+ 38. Kh3 Qf5+ 39. g4
hxg4+ 40. Kg3 gxf3 41. Qc3+ Qf6 42. Qxf6+ Kxf6 43. Rxa4 f2 44. Rf4+ Ke6 45. Kg4
f6 46. Rf3 Rb4+ 47. Kg3 Rb3 48. Kxf2 Rxf3+ 49. Kxf3 Ke5 50. Ke3 Kf5 51. Kf3 Ke6
52. Ke4 Kf7 53. Kf4 Kg7 54. Kg3 Kh6 55. Kg4 f5+ 56. Kh3 Kh5 57. Kg3 f4+ 58.
Kxf4 Kxh4 59. Kf3 g5 60. Kg2 Kg4 61. Kh2 Kf3 0-1

[Event "Werden- Bonn"]
[Site "?"]
[Date "2023.03.05"]
[Round "6.2"]
[White "Kauch, Markus"]
[Black "Suppert, Timur"]
[Result "0-1"]
[WhiteElo "2131"]
[BlackElo "2090"]
[Annotator "daniel"]
[PlyCount "126"]
[SourceVersionDate "2023.06.22"]

1. Nf3 f5 2. d3 Nc6 3. d4 d6 4. d5 Ne5 5. Nc3 Nxf3+ 6. exf3 e5 7. dxe6 Bxe6 8.
Bd3 Qd7 9. O-O O-O-O 10. Re1 Ne7 11. Bg5 Re8 12. Nb5 Nc6 13. Be3 Kb8 14. Qd2
Rg8 15. Nd4 Nxd4 16. Bxd4 g5 17. Qa5 b6 18. Qb5 c6 19. Qa4 Bh6 20. c3 g4 21.
fxg4 Rxg4 22. f3 Rg6 23. Be3 Qg7 24. Qc2 Rg8 25. Bf1 f4 26. Bd4 Qb7 27. Qe4 Bd5
28. Qe8+ Rxe8 29. Rxe8+ Qc8 30. Rxc8+ Kxc8 31. Bd3 Rg8 32. Bxh7 Re8 33. Bd3 c5
34. Bf2 Bg7 35. Rd1 Kc7 36. a3 Bf6 37. Re1 Rg8 38. Kf1 Rh8 39. h3 Be5 40. Rd1
Bb3 41. Re1 Kc6 42. Kg1 b5 43. Bf5 a5 44. Kh2 Bd5 45. Bg4 Rb8 46. h4 b4 47.
axb4 $11 axb4 48. Rc1 bxc3 49. bxc3 Rb2 50. Kg1 Bb3 51. c4 Bd4 52. Bxd4 cxd4
53. Bf5 Kc5 54. h5 Bxc4 55. h6 Rb8 56. h7 Rh8 57. Be6 d5 58. Bg8 Kb4 59. Kf2
Bd3 60. Rd1 Kc3 61. Rc1+ Bc2 62. Bxd5 d3 63. Be4 Kb2 0-1

[Event "Werden- Bonn"]
[Site "?"]
[Date "2023.03.05"]
[Round "6.3"]
[White "Limp, Roland"]
[Black "Roth, Markus"]
[Result "0-1"]
[WhiteElo "1939"]
[BlackElo "2191"]
[PlyCount "88"]
[SourceVersionDate "2023.06.22"]

1. c4 e5 2. Nc3 Nc6 3. g3 f5 4. Bg2 Nf6 5. d3 Bb4 6. Bd2 Bxc3 7. Bxc3 d6 8. e3
O-O 9. Ne2 Qe8 10. Qd2 Be6 11. f4 Kh8 12. O-O-O a6 13. Bxc6 bxc6 14. h3 Nd7 15.
g4 e4 16. dxe4 fxe4 17. Ng3 Nc5 18. Qd4 Qf7 19. b3 Nd3+ 20. Rxd3 exd3 21. Ne4
Qe7 22. f5 c5 23. Qxd3 Bd7 24. f6 gxf6 25. Nxf6 Rxf6 26. g5 Bf5 27. gxf6 Bxd3
28. fxe7+ Kg8 29. Kd2 Bg6 30. Rf1 Re8 31. Bf6 Kf7 32. Bg5+ Ke6 33. Rf4 a5 34.
e4 Ra8 35. Ke3 Kd7 36. Rf8 Be8 37. e5 dxe5 38. Ke4 a4 39. Kxe5 axb3 40. axb3
Ra6 41. Kd5 Re6 42. Rf2 c6+ 43. Kxc5 Re5+ 44. Kb6 Rxg5 0-1

[Event "Werden- Bonn"]
[Site "?"]
[Date "2023.03.05"]
[Round "6.4"]
[White "ter Steeg, Marcus"]
[Black "Horstmann, Olaf"]
[Result "0-1"]
[WhiteElo "2031"]
[BlackElo "2111"]
[PlyCount "84"]
[SourceVersionDate "2023.06.22"]

1. d4 e6 2. c4 f5 3. Nc3 Nf6 4. a3 d5 5. Bf4 c6 6. e3 Be7 7. Nf3 O-O 8. Bd3 Ne4
9. h3 Nd7 10. Qc2 Ndf6 11. Ne5 Nd7 12. Nf3 Ndf6 13. Ne2 Qa5+ 14. Nc3 Bb4 15.
Rc1 Bxc3+ 16. bxc3 Qxa3 17. Ne5 Qe7 18. c5 Nd7 19. g4 Nxe5 20. Bxe5 Qh4 21. c4
Bd7 22. Rb1 b6 23. gxf5 exf5 24. cxd5 cxd5 25. Bxe4 fxe4 26. Bg3 Qf6 27. Qb3
Bc6 28. cxb6 axb6 29. O-O b5 30. Rfc1 Ra4 31. Qc3 Rc4 32. Qa5 Bd7 33. h4 Qf3
34. Kh2 Qg4 35. Rh1 Rc2 36. Rbf1 h6 37. Qb6 Rf3 38. Qd6 Rcxf2+ 39. Rxf2 Qh3+
40. Kg1 Rxg3+ 41. Qxg3 Qxg3+ 42. Kf1 b4 0-1

[Event "Werden- Bonn"]
[Site "?"]
[Date "2023.03.05"]
[Round "6.5"]
[White "Sharma, Vibhor"]
[Black "Huette, Stefan"]
[Result "1-0"]
[WhiteElo "1832"]
[BlackElo "2051"]
[PlyCount "63"]
[SourceVersionDate "2023.06.22"]

1. e4 d6 2. d4 Nf6 3. Nc3 e5 4. Nf3 exd4 5. Nxd4 Be7 6. Be2 O-O 7. O-O a6 8. a4
Re8 9. h3 Nbd7 10. f4 Nc5 11. Bf3 Bf8 12. Re1 Ne6 13. Be3 Nc5 14. Bf2 Rb8 15.
Qd2 Ne6 16. Rad1 Nxd4 17. Qxd4 b5 18. axb5 axb5 19. Bh4 Be7 20. e5 dxe5 21. Qa7
Nd7 22. Bxe7 Qxe7 23. Bc6 b4 24. Nd5 Qh4 25. Nxc7 Rd8 26. fxe5 b3 27. c3 g6 28.
e6 fxe6 29. Nxe6 Re8 30. Re4 Qf6 31. Rf1 Qe7 32. Ng5 1-0

[Event "Werden- Bonn"]
[Site "?"]
[Date "2023.03.05"]
[Round "6.6"]
[White "Claussen, Uwe"]
[Black "Wahl, Felix"]
[Result "1/2-1/2"]
[WhiteElo "2082"]
[BlackElo "2081"]
[PlyCount "80"]
[SourceVersionDate "2023.06.22"]

1. d4 d5 2. Nf3 Nf6 3. e3 e6 4. Bd3 c5 5. c3 Nc6 6. Ne5 Nxe5 7. dxe5 Nd7 8. f4
Qh4+ 9. g3 Qh3 10. Nd2 f6 11. Nf3 fxe5 12. Nh4 Nf6 13. Bf1 Qg4 14. Be2 Qh3 15.
fxe5 g5 16. exf6 gxh4 17. Bh5+ Kd8 18. Bg4 Qg2 19. Bf3 Qh3 20. g4 Bd7 21. e4
Bd6 22. Qe2 Bb5 23. Qg2 Qxg2 24. Bxg2 Kc7 25. Bh6 Rhg8 26. h3 Rg6 27. Bg7 Bg3+
28. Kd2 Be5 29. Bf1 Bc6 30. exd5 Bxd5 31. Bd3 Rxg7 32. fxg7 Bxh1 33. Rxh1 Bxg7
34. Rf1 Rf8 35. Rxf8 Bxf8 36. Bxh7 Kd6 37. Ke3 Bh6+ 38. Ke4 Bc1 39. b3 Bd2 40.
c4 Bg5 1/2-1/2

[Event "Werden- Bonn"]
[Site "?"]
[Date "2023.03.05"]
[Round "6.7"]
[White "Hoefer, Severin"]
[Black "Rehfeldt, Jens"]
[Result "0-1"]
[WhiteElo "1926"]
[BlackElo "2039"]
[PlyCount "90"]
[SourceVersionDate "2023.06.22"]

1. Nf3 b6 2. e4 Bb7 3. Nc3 e6 4. a3 Nf6 5. e5 Ne4 6. Nxe4 Bxe4 7. d4 d5 8. Ng5
Bg6 9. Bd3 Be7 10. Nh3 c5 11. c3 Bxd3 12. Qxd3 Nc6 13. O-O Qd7 14. b4 cxd4 15.
cxd4 f6 16. exf6 Bxf6 17. Bb2 O-O 18. f4 Ne7 19. b5 Rfc8 20. Nf2 Rc4 21. Ng4
Qxb5 22. Qe2 Qd7 23. Nxf6+ gxf6 24. Rae1 Rc6 25. Rf3 Nf5 26. g4 Ng7 27. Rh3
Rac8 28. Qd3 f5 29. Qg3 fxg4 30. Qxg4 Kh8 31. Qh4 Nf5 32. Qf6+ Qg7+ 33. Qxg7+
Kxg7 34. Rb3 Kf6 35. a4 Rc4 36. Ra1 Rg8+ 37. Kh1 Rg4 38. a5 bxa5 39. Rc3 Nd6
40. Rxa5 Ne4 41. h3 Rxc3 42. Bxc3 Rxf4 43. Bb4 Rf1+ 44. Kg2 Rb1 45. Rb5 Kf5 0-1

[Event "Werden- Bonn"]
[Site "?"]
[Date "2023.03.05"]
[Round "6.8"]
[White "Mann, Gergely"]
[Black "Nenner, Thomas"]
[Result "0-1"]
[WhiteElo "1962"]
[BlackElo "2016"]
[PlyCount "94"]
[SourceVersionDate "2023.06.22"]

1. d4 Nf6 2. c4 e6 3. Nc3 Bb4 4. f3 O-O 5. a3 Bxc3+ 6. bxc3 c5 7. e4 d6 8. Bd3
Nc6 9. Be3 Qa5 10. Qd2 cxd4 11. cxd4 Qxd2+ 12. Kxd2 b6 13. Ne2 Ba6 14. Rhc1 e5
15. Rab1 Nd7 16. f4 exd4 17. Nxd4 Nxd4 18. Bxd4 Nc5 19. Re1 Rac8 20. Rb4 Rc7
21. Bxc5 dxc5 22. Rb2 Rd7 23. Kc3 Rfd8 24. Re3 Rd4 25. g3 Kf8 26. e5 g6 27. a4
Rb8 28. a5 Bc8 29. Re4 Rd8 30. axb6 axb6 31. Ree2 Be6 32. Ra2 b5 33. Red2 Rxd3+
34. Rxd3 Bxc4 35. Rb2 Bxd3 36. Kxd3 Ke7 37. g4 Rd8+ 38. Ke3 b4 39. Rc2 Rc8 40.
f5 b3 41. Rc1 c4 42. Kd2 b2 43. Rb1 c3+ 44. Kc2 Rc4 45. h3 gxf5 46. gxf5 Rc5
47. Re1 Ra5 0-1

[Event "Bielefeld- Kamen"]
[Site "?"]
[Date "2023.03.05"]
[Round "6.1"]
[White "Luetke, Jens"]
[Black "Forchert, Martin"]
[Result "1/2-1/2"]
[WhiteElo "2188"]
[BlackElo "2310"]
[PlyCount "86"]
[SourceVersionDate "2023.06.22"]

1. e4 Nf6 2. e5 Nd5 3. d4 d6 4. c4 Nb6 5. f4 dxe5 6. fxe5 Nc6 7. Be3 Bf5 8. Nc3
e6 9. Be2 Bb4 10. Nf3 O-O 11. O-O Na5 12. Bg5 Be7 13. Bxe7 Qxe7 14. c5 Nd5 15.
Nxd5 exd5 16. Qd2 Nc6 17. Rae1 Nd8 18. Ng5 Bg6 19. Bg4 h6 20. Nh3 Ne6 21. g3 b6
22. c6 a5 23. a3 Be4 24. Bf5 Bxf5 25. Rxf5 Rae8 26. Ref1 a4 27. Nf2 f6 28. Ng4
fxe5 29. Nxe5 Rxf5 30. Rxf5 Qd6 31. Qd1 b5 32. Qd3 b4 33. h4 bxa3 34. bxa3 Rf8
35. Rxf8+ Qxf8 36. Kg2 Qf6 37. Qb5 Nxd4 38. Qxd5+ Ne6 39. Nf3 Qb2+ 40. Kh3 Qb3
41. Qe4 Kf7 42. Ne5+ Ke7 43. Nc4 Qd1 1/2-1/2

[Event "Bielefeld- Kamen"]
[Site "?"]
[Date "2023.03.05"]
[Round "6.2"]
[White "Gruen, Gerd- Peter"]
[Black "Himmel, Hansjoerg"]
[Result "0-1"]
[WhiteElo "2278"]
[BlackElo "2242"]
[PlyCount "82"]
[SourceVersionDate "2023.06.22"]

1. d4 Nf6 2. Nf3 e6 3. c4 Bb4+ 4. Bd2 Qe7 5. g3 Nc6 6. Nc3 Bxc3 7. Bxc3 Ne4 8.
Rc1 Nxc3 9. Rxc3 d6 10. d5 Nb8 11. Bg2 e5 12. c5 O-O 13. cxd6 cxd6 14. O-O a5
15. Nd2 Qd8 16. Qc2 Na6 17. a3 Bg4 18. Re1 f5 19. h3 Bh5 20. e3 Bg6 21. f4 Qe7
22. Nf3 h6 23. Rc4 Bh5 24. fxe5 Bxf3 25. Bxf3 Qxe5 26. Kh2 b5 27. Rc6 b4 28.
Qc4 Nc5 29. Qd4 Qe7 30. axb4 axb4 31. Re2 Rab8 32. Qf4 Rbd8 33. Qxb4 Nd3 34.
Qc3 Ne5 35. Bg2 Nxc6 36. dxc6 d5 37. b4 Qc7 38. Qc5 Rf6 39. Bxd5+ Kh8 40. Bf3
Rg6 41. Rg2 Rd2 0-1

[Event "Bielefeld- Kamen"]
[Site "?"]
[Date "2023.03.05"]
[Round "6.3"]
[White "Weidemann, Christian"]
[Black "Simon, Hans- Christian"]
[Result "1/2-1/2"]
[WhiteElo "2237"]
[BlackElo "2167"]
[PlyCount "28"]
[SourceVersionDate "2023.06.22"]

1. e4 e5 2. Nf3 Nf6 3. Nc3 Nc6 4. d4 exd4 5. Nxd4 Bb4 6. Nxc6 bxc6 7. Bd3 d5 8.
Bd2 Bxc3 9. Bxc3 dxe4 10. Bxf6 Qxf6 11. Bxe4 Ba6 12. Qf3 Qxf3 13. gxf3 O-O-O
14. Rd1 Rxd1+ 1/2-1/2

[Event "Bielefeld- Kamen"]
[Site "?"]
[Date "2023.03.05"]
[Round "6.4"]
[White "Goeßling, Guido"]
[Black "Georg, Heinz"]
[Result "1-0"]
[WhiteElo "2163"]
[BlackElo "2157"]
[PlyCount "69"]
[SourceVersionDate "2023.06.22"]

1. e4 e5 2. Nf3 Nc6 3. Bb5 f5 4. d3 fxe4 5. dxe4 Nf6 6. O-O d6 7. Bc4 Bg4 8. h3
Bh5 9. Nc3 Qd7 10. Nd5 Nd4 11. Nxf6+ gxf6 12. Nxe5 Bxd1 13. Nxd7 Kxd7 14. Rxd1
Nxc2 15. Rb1 Nb4 16. Bd2 Nc6 17. Bc3 Ne5 18. Bb3 Bh6 19. g3 Ke7 20. f4 Nd7 21.
Rd5 Rag8 22. Kh2 Rg6 23. Rh5 Bf8 24. Re1 h6 25. e5 fxe5 26. fxe5 dxe5 27.
Rhxe5+ Nxe5 28. Rxe5+ Kd7 29. Rd5+ Bd6 30. Bxh8 Kc6 31. Rd3 h5 32. h4 b5 33.
Bf7 Rh6 34. Bc3 b4 35. Bd2 1-0

[Event "Bielefeld- Kamen"]
[Site "?"]
[Date "2023.03.05"]
[Round "6.5"]
[White "Seepe, Udo"]
[Black "Beilfuß, Wilfried"]
[Result "1-0"]
[WhiteElo "2109"]
[BlackElo "2122"]
[PlyCount "53"]
[SourceVersionDate "2023.06.22"]

1. c4 Nf6 2. g3 e6 3. Nf3 d5 4. d4 dxc4 5. Qa4+ Nbd7 6. Bg2 a6 7. Qxc4 c5 8.
Qc2 b5 9. dxc5 Nd5 10. c6 N7f6 11. a3 Be7 12. e4 Nc7 13. O-O O-O 14. Bf4 e5 15.
Bxe5 Be6 16. Rd1 Qc8 17. Nc3 Rd8 18. Rxd8+ Bxd8 19. Ng5 Nfe8 20. Nxe6 Qxe6 21.
Bxc7 Bxc7 22. Nd5 Rc8 23. Rd1 g6 24. a4 Nd6 25. axb5 Nxb5 26. Qa4 Ra8 27. Bf1
1-0

[Event "Bielefeld- Kamen"]
[Site "?"]
[Date "2023.03.05"]
[Round "6.6"]
[White "Forchert, Nico"]
[Black "Georg, Felix"]
[Result "1/2-1/2"]
[WhiteElo "2149"]
[BlackElo "2035"]
[PlyCount "44"]
[SourceVersionDate "2023.06.22"]

1. d4 e6 2. Nf3 f5 3. Nc3 Nf6 4. Bg5 Bb4 5. a3 Bxc3+ 6. bxc3 b6 7. e3 Bb7 8.
Bd3 O-O 9. O-O d6 10. Re1 Be4 11. Nd2 Bxd3 12. cxd3 Nbd7 13. Qb3 Qe8 14. e4 Qf7
15. Bxf6 gxf6 16. exf5 e5 17. Qxf7+ Kxf7 18. Nf3 Rg8 19. h3 c5 20. Kf1 Rac8 21.
Rac1 c4 22. dxc4 Rxc4 1/2-1/2

[Event "Bielefeld- Kamen"]
[Site "?"]
[Date "2023.03.05"]
[Round "6.7"]
[White "Kilian, Ralf"]
[Black "Danielmeier, Ralf"]
[Result "1/2-1/2"]
[WhiteElo "2086"]
[BlackElo "2063"]
[PlyCount "30"]
[SourceVersionDate "2023.06.22"]

1. e4 d5 2. exd5 Qxd5 3. Nc3 Qa5 4. d4 Nf6 5. Nf3 Bf5 6. Bc4 e6 7. Bd2 Bb4 8.
a3 Bxc3 9. Bxc3 Qb6 10. Bd3 Bg4 11. h3 Bh5 12. g4 Bg6 13. Ne5 Nbd7 14. Nxd7
Kxd7 15. Qf3 Qc6 1/2-1/2

[Event "Bielefeld- Kamen"]
[Site "?"]
[Date "2023.03.05"]
[Round "6.8"]
[White "Doering, Carsten"]
[Black "Koch, Marcel"]
[Result "1-0"]
[WhiteElo "2013"]
[BlackElo "1894"]
[PlyCount "107"]
[SourceVersionDate "2023.06.22"]

1. d4 Nf6 2. c4 e6 3. Nc3 Bb4 4. Bg5 d5 5. cxd5 exd5 6. e3 O-O 7. Bd3 c6 8. Qc2
h6 9. Bh4 Nbd7 10. Nge2 Re8 11. O-O Nf8 12. a3 Bd6 13. Bg3 Bg4 14. b4 Rc8 15.
Bf5 Bxf5 16. Qxf5 Bxg3 17. Nxg3 Qd7 18. Rfc1 Qe6 19. Ra2 N8d7 20. Na4 Ne4 21.
Qxe6 Rxe6 22. Nxe4 Rxe4 23. Rac2 a6 24. Nc3 Rg4 25. Nxd5 Ra8 26. Nf4 Nb6 27. f3
Rg5 28. e4 a5 29. Rb2 Rb5 30. Rc5 Rxc5 31. bxc5 Nc4 32. Rb3 Rd8 33. Ne2 Rd7 34.
Kf2 a4 35. Rb4 Nxa3 36. Rxa4 Nb5 37. Ke3 f6 38. Kd3 Kf7 39. Nc3 Nc7 40. Kc4 Ke6
41. Rb4 Ne8 42. Rb2 f5 43. g3 fxe4 44. fxe4 Nf6 45. Rf2 Ng4 46. Re2 h5 47. h3
Nf6 48. Rf2 g6 49. e5 Ne8 50. Ne4 Rg7 51. Ng5+ Ke7 52. Rb2 Kd7 53. Rxb7+ Nc7
54. Rxc7+ 1-0

[Event "Plettenberg- Ennepe"]
[Site "?"]
[Date "2023.03.12"]
[Round "6.1"]
[White "Arndt, Stefan"]
[Black "Schulze, Marc"]
[Result "1/2-1/2"]
[WhiteElo "2106"]
[BlackElo "2172"]
[Annotator "daniel"]
[PlyCount "76"]
[SourceVersionDate "2023.06.22"]

1. e4 d5 2. exd5 Qxd5 3. Nf3 Bg4 4. Nc3 Qe6+ 5. Qe2 Qxe2+ 6. Bxe2 Nc6 7. h3 Bf5
8. Bb5 Bd7 9. a3 e5 10. O-O f6 11. Re1 O-O-O 12. d3 Nge7 13. Ne4 Nf5 14. Be3 b6
15. c3 Kb7 16. b4 $11 Be7 17. Red1 h5 18. Bc4 Bc8 19. a4 a5 20. b5 Nb8 21. d4
Nxe3 22. fxe3 f5 23. Nxe5 fxe4 24. Nf7 Bf5 25. Rf1 g6 26. Nxh8 Rxh8 27. g4 hxg4
28. hxg4 Bxg4 29. Bd5+ Kc8 30. Bxe4 Bd6 31. Bg2 Bh2+ 32. Kf2 Nd7 33. Bc6 Nf6
34. Rh1 Rh5 35. Kg2 Bd6 36. Raf1 Rxh1 37. Kxh1 Bf5 38. Kg2 Ne4 1/2-1/2

[Event "Plettenberg- Ennepe"]
[Site "?"]
[Date "2023.03.12"]
[Round "6.2"]
[White "Oswald, Hans- Joachim"]
[Black "Tripolsky, Eugen"]
[Result "1/2-1/2"]
[WhiteElo "2258"]
[BlackElo "2278"]
[PlyCount "65"]
[SourceVersionDate "2023.06.22"]

1. Nf3 d6 2. g3 e5 3. d3 f5 4. c4 Nf6 5. Nc3 g6 6. Bg2 Bg7 7. O-O O-O 8. Rb1 h6
9. b4 g5 10. b5 f4 11. Nd2 Nbd7 12. a4 Qe8 13. Nde4 Rb8 14. a5 b6 15. Ra1 Nxe4
16. Nxe4 Nf6 17. axb6 axb6 18. Ra7 Rf7 19. Nxf6+ Bxf6 20. e3 Rg7 21. Re1 Qg6
22. d4 Bf5 23. c5 fxe3 24. fxe3 Be4 25. cxd6 cxd6 26. Rxg7+ Kxg7 27. dxe5 Bxe5
28. Qa4 Bxg2 29. Kxg2 Rc8 30. e4 Qf7 31. Be3 Qc4 32. Qxc4 Rxc4 33. Bxb6 1/2-1/2